000
00313nam a2200121Ia 4500
005
20251222144747.0
008
251222s9999||||xx |||||||||||||| ||spa||
082
_a
332.46/D84
100
_a
Diz,Adolfo C.
245
0
_a
Oferta monetaria:
264
_b
Centro de Estudios Monetarios Lationoamericanos
942
_c
LIB
999
_c
19185
_d
19185